Responses for show #3497 - Tuesday, November 16, 1999

1999-B Celebrity Jeopardy! game 2.
From the Theater at Madison Square Garden, New York City.

Contestants

Andy Richter, from NBC's Late Night With Conan O'Brien

S. Epatha Merkerson, from Law & Order

Brian Dennehy, from the play Death of a Salesman

Jeopardy! Round responses

LET'S GET BIBLICAL
LAST NAME'S THE SAME
AROUND NEW YORK STATE
(Alex: Things you might hear...)
WHILE YOU'RE ON HOLD
LET'S GO SHOPPING!
THAT'S SO CLICHE!
    $100 1
Russell

Epatha
    $100 21
Niagara Falls

Brian
    $100 16
"Strangers in the Night"

Epatha
    $100 11
Trump Tower

Andy
    $100 6
In the grave

Andy
    $200 2
Shore

Brian
    $200 22
Sleepy Hollow

Andy
    $200 17
"Where Have All the Flowers Gone?"

Brian
    $200 12
Bookstore

Epatha
    $200 7
Between your legs

Andy
    $300 3
Campbell

Epatha
    $300 23
Fire Island

Andy
    $300 18
"Achy Breaky Heart"

Andy
    $300 13
FAO Schwarz

Andy
    $300 8
House and home

Andy
    $400 4
Adams

Epatha
    $1,000 24
Buffalo

Andy
    $400 19
(Brian: What is....[time]?)

"Poison Ivy"

BrianEpatha
    $400 14
Zabar's

Andy
    $400 9
Behind the ears

Andy
    $500 5
Crawford

Andy
    $500 25
(buzzer sounds)
(Alex: Couldn't help but notice that no one selected "Let's Get Biblical".)
(Epatha: Don't tell my mother!)
(Alex: I won't!)

Mark Twain

Epatha
    $500 20
(Epatha: What is "Well, It's too Late Now?")
(less than a minute to go...)

"It's too Late Baby"

BrianEpatha
    $500 15
Bloomingdale's

Epatha
    $500 10
(Alex: Hey, you found your category!)
(Andy, Yes, but we're out of cliches!)

Snuff

Andy

Scores at the first commercial break (after clue 15):

Brian Epatha Andy
$200 $1,500 $2,800

Scores at the end of the Jeopardy! Round:

Brian Epatha Andy
$600 $2,000 $4,600

Double Jeopardy! Round responses

LITERARY MANHATTAN
CRIMINAL NICKNAMES
WISH I'D SEEN THAT MUSICAL!
THE 900s A.D.
POTPOURRI
(Alex: A little bit of everything.)
"B" YOURSELF
    $200 1
William Shakespeare

Brian
    $200 4
"Lucky"

Brian
    $200 16
Daisy

Triple Stumper
    $200 11
Bulge

Andy
    $400 2
Truman Capote

Epatha
    $400 5
"Machine Gun"

Epatha
    $400 22
"the Red"

Andy
    $400 17
Elizabeth Taylor

Andy
    $2,000 12
(Andy: Who was Beethoven?)

J.S. Bach

Andy
    $600 3
Sylvia Plath

Andy
    $600 10
"Pretty Boy"

Epatha
    $600 25
Steve Allen

Andy
    $600 23
(Alex: We have about a minute to go.)

Locks

Epatha
    $600 18
data

Brian
    $600 13
breadwinner

Andy
    $800 6
Herman Melville

Epatha
    $800 9
"Legs"

Brian
    $800 24
(Epatha: Who is Rat?)

Toad

BrianEpatha
    $3,000 26
[The end-of-round signal sounds.]

Canterbury

Andy
    $800 19
Calamity Jane

Andy
    $800 14
Barrymore

Brian
    $1000 7
Noel Coward

Epatha
    $1000 8
(Epatha: Oh... oh.)

Dutch

EpathaAndy
    $1000 21
Nancy Reagan

Andy
    $1000 20
Ludwig van Beethoven

Brian
    $1000 15
Daniel Boone

Andy

Scores at the end of the Double Jeopardy! Round:

Brian Epatha Andy
$5,000 $4,000 $12,200
(lock game)

[wagering suggestions for these scores]

Final Jeopardy! Round responses

DIRECTORS
(Alex: I hope the live (piano) music is something that's going to catch on; we love it!)
EpathaWho [Wes Craven] Hitchcock
$3,500
BrianWho was Alfred Hitchcock
$5,000
AndyWho is Hitchcock?
$12,200
Alfred Hitchcock

Final scores:

Brian Epatha Andy
$10,000 $7,500 $24,400
2nd place: $10,000 for the New York Foundling Hospital 3rd place: $10,000 for the Campaign for Tobacco-Free Kids Winner: $24,400 for the Southern Poverty Law Center

Game dynamics:

Coryat scores:

Brian Epatha Andy
$5,000 $4,000 $11,400
11 R,
1 W
14 R,
3 W
24 R
(including 2 DDs),
1 W
(including 1 DD)

Combined Coryat: $20,400

The J! Archive is created by fans, for fans. The Jeopardy! game show and all elements thereof, including but not limited to copyright and trademark thereto, are the property of Jeopardy Productions, Inc. and are protected under law. This website is not affiliated with, sponsored by, or operated by Jeopardy Productions, Inc. Join the discussion at JBoard.tv.